| 000 | 01276nmm a2200373 a 4500 | ||
|---|---|---|---|
| 003 | AR-BaBNM | ||
| 005 | 20251128205244.0 | ||
| 008 | 038019s1977 ||||||||||||||000 | spa|| | ||
| 040 | _cAR-BaBNM | ||
| 245 | 1 | 0 |
_aEmpleo en la Argentina _bclave para una mayor prosperidad |
| 260 |
_aBuenos Aires _bFundación Bemberg _c1977 |
||
| 300 | 0 |
_a191 p. _btablas |
|
| 500 | 0 | _aContiene glosario | |
| 500 | 1 | _aEsta publicación corresponde a la convocatoria realizada por la Fundación Bemberg al concurso "Premio Bemberg 1996", cuyo tema se denominó "El desempleo en la Argentina. Sus causas coyunturales y estructurales. Evolución y soluciones". Este trabajo se hiz | |
| 504 | _aBibliografía: p. 187-191 | ||
| 650 | 4 | _aEDUCACION Y EMPLEO | |
| 650 | 4 | _aEDUCACION NO FORMAL | |
| 650 | 4 | _aMERCADO DE TRABAJO | |
| 650 | 4 | _aPOLITICA DE EMPLEO | |
| 650 | 4 | _aOPORTUNIDADES DE EMPLEO | |
| 650 | 4 | _aDESEMPLEO | |
| 650 | 4 | _aEMPLEO | |
| 650 | 4 | _aOFERTA Y DEMANDA | |
| 651 | 4 | _aArgentina | |
| 651 | 4 | _aAmérica Latina | |
| 653 | 0 | _aSISTEMA EDUCATIVO | |
| 653 | 0 | _aLEY FEDERAL DE EDUCACION | |
| 700 | 1 | _aGastaldi, Santiago | |
| 700 | 1 | _aRíos, Susana N. | |
| 700 | 1 | _aCravero, Fernanda M. | |
| 700 | 1 | _aVitelli, María Celia | |
| 942 | _cBK | ||
| 998 | _cMariana | ||
| 999 |
_c10615 _d10615 |
||